00250nam a22001217a 4500020001400000082001000014100001900024245002500043250000800068260002900076300000900105650001400114 a955991414 a146.7 aDe silva,V.J.M aCreation & Evolution a1st aMoratuwabDe silva,V.J.M a115p aChemistry